Malta : Recent Economic Developments.

This paper reviews economic developments in Malta during 1990-95. The paper presents an overview of some of the main structural policies and describes recent developments in the domestic economy. It notes that, whereas policies have favored private initiative, the government has retained a significa...

Full description

Bibliographic Details
Corporate Author: International Monetary Fund
Format: Journal
Language:English
Published: Washington, D.C. : International Monetary Fund, 1995.
Series:IMF Staff Country Reports; Country Report ; No. 1995/052
Online Access:Full text available on IMF
LEADER 01630cas a2200241 a 4500
001 AALejournalIMF000211
008 230101c9999 xx r poo 0 0eng d
020 |c 5.00 USD 
020 |z 9781451826548 
022 |a 1934-7685 
040 |a BD-DhAAL  |c BD-DhAAL 
110 2 |a International Monetary Fund. 
245 1 0 |a Malta :   |b Recent Economic Developments. 
264 1 |a Washington, D.C. :  |b International Monetary Fund,  |c 1995. 
300 |a 1 online resource (145 pages) 
490 1 |a IMF Staff Country Reports 
500 |a <strong>Off-Campus Access:</strong> No User ID or Password Required 
500 |a <strong>On-Campus Access:</strong> No User ID or Password Required 
506 |a Electronic access restricted to authorized BRAC University faculty, staff and students 
520 3 |a This paper reviews economic developments in Malta during 1990-95. The paper presents an overview of some of the main structural policies and describes recent developments in the domestic economy. It notes that, whereas policies have favored private initiative, the government has retained a significant presence in the economy both through its direct control of resources and through an active industrial policy. The policy mix has helped to accentuate certain trends in the structure of output since 1987: in particular, the importance of services has continued to grow at the expense of manufacturing. 
538 |a Mode of access: Internet 
830 0 |a IMF Staff Country Reports; Country Report ;  |v No. 1995/052 
856 4 0 |z Full text available on IMF  |u http://elibrary.imf.org/view/journals/002/1995/052/002.1995.issue-052-en.xml  |z IMF e-Library